000 01197nam a22003617a 4500
003 CHAP
005 20220329143506.0
008 100202s1963 mx a r 00010 spa d
010 _a97454
011 _a98426
035 _a109111
040 _cCHAP
082 1 4 _a636.9322
_bM66
110 1 _aEspaña. Ministerio de Agricultura
_937710
245 1 0 _aDiez temas sobre el conejo
_c/por Ministerio de Agricultura
260 _aMadrid :
_bEl Ministerio,
_c1963
300 _a166 p. :
_bilus.
490 _aPublicaciones de extensión agrícola
590 _aBATCH-UPD
_b10
_c20130110
_lUCH01
_h0851
590 _aBATCH-UPD
_b10
_c20130410
_lUCH01
_h0523
590 _aBATCH-UPD
_b10
_c20130914
_lUCH01
_h1027
590 _aCONVERSION
_b10
_c20130109
_lUCH01
_h1354
650 1 4 _aConejos
_xAlimentación.
_926353
650 1 4 _aConejos
_xAlojamiento.
_926354
650 1 4 _aConejos
_xJaulas y equipos.
_926369
650 1 4 _aConejos
_xRazas.
_926377
650 1 4 _aConejos
_xReproducción.
_926378
830 0 _aPublicaciones de extensión agrícola
_992677
901 _aBK
911 _aen proceso
942 _cLIBRO
949 _a636.9322 M66
_bBC
_cLIBRO
_d33724002106017
_eLIBRO
_gI.c/e
_h111741
_i109111
_sb
999 _c97454
_d97454